| 000 | 02300cam a22005654i 4500 | ||
|---|---|---|---|
| 003 | PE-LiUPU | ||
| 005 | 20250731184534.0 | ||
| 008 | 17082 s2015 pe a rb 000 0 spa d | ||
| 020 | _a9972515486 | ||
| 020 | _a9789972515484 | ||
| 035 | _a(Sirsi) a238175 | ||
| 040 |
_aPE-LiUPU _bspa _cPE-LiUPU _erda |
||
| 049 | _aPRUA | ||
| 082 | 0 | 4 |
_a985.01 _bA46 _222 |
| 100 | 1 |
_aD'Altroy, Terence N., _eautor. |
|
| 245 | 1 | 3 |
_aEl poder provincial en el imperio inka / _cD'Altroy,Terence N. ; Traducido por Magdalena Chocano. |
| 264 | 1 |
_aPerú : _bAlianza, _c2015. |
|
| 300 |
_a536 páginas : _bilustraciones ; _c20 centimetros. |
||
| 336 |
_atext _2rdacontent |
||
| 337 |
_aunmediated _2rdamedia |
||
| 338 |
_avolume _2rdacarrier |
||
| 490 | 0 |
_aBanco Central De Reserva del Peru. ; _v25 |
|
| 504 | _aBibliografía: páginas 491-536. | ||
| 505 | 0 | _aEl estudio de los imperios antiguos -- El escenario y la concepcion de la investigacion -- La socidad wanka antes de los inkas -- La estrategia militar y la logistica inka -- La infraestructura imperial en la sierra central -- La organizacion politica -- La economia imperial -- Continuidad y cambio en la sociedad wanka. | |
| 526 | _aP136 | ||
| 526 | _aP135 | ||
| 526 | _aP134 | ||
| 526 | _aP133 | ||
| 526 | _aP144 | ||
| 526 | _aP143 | ||
| 526 | _aP87 | ||
| 526 | _aP35 | ||
| 526 | _aP20 | ||
| 526 | _aP14 | ||
| 526 | _aP10 | ||
| 526 | _aP06 | ||
| 650 | 0 | 4 |
_aIncas _xCondiciones económicas. |
| 650 | 0 | 4 |
_aIncas _xPolitica y gobierno |
| 650 | 0 | 4 |
_aIncas _xCondiciones sociales. |
| 650 | 0 | 4 | _aPolítica y gobierno. |
| 700 | 1 |
_aChocano, Magdalena, _etraductor. |
|
| 910 |
_ajck _bjvq _cksl _d2017087 |
||
| 910 |
_adbm _bncf _cncf _d20190416 |
||
| 942 |
_2ddc _cBOOK |
||
| 949 |
_a985.01 A46 _wDEWEY _c1 _i76707 _lCATALOGING _mBUL _p20.00 _r0 _sY _tBOOK _u2017-08-7 _xINGENIERIA _PP06 _0COMPRA _o.CIRCNOTE. El documento es de alto precio. _o.STAFF. Colección Ingeniería y Arquitectura |
||
| 994 |
_aC0 _bPEPRU |
||
| 596 | _a1 | ||
| 999 |
_a985.01 A46 _wLC _c24885 _i76707 _f2021-11-9 _g6 _lCCODEBUL1 _mBUL _p20.00 _r0 _sY _tBOOK _u2017-8-7 _xINGENIERIA _PP06 _0COMPRA _o.STAFF. Colección Ingeniería y Arquitectura _d24885 |
||
| 980 |
_81 _gALBERTO SANCHEZ Responsable de Automatización |
||